Miasta ziemi dobrzyńskiej z mapą - Statystyki

Ogólne statystyki
  • Ten quiz został rozwiązany 9 razy
  • Średni wynik to 5 z 8
Odpowiedzi na mapie
Odpowiedzi zakodowano w zielono-czerwonej skali na mapie do tego quizu, zgodnie z poniższymi procentami.
 
Statystyki odpowiedzi
Odpowiedź % Poprawnych
Dobrzyń nad Wisłą
89%
Lipno
89%
Rypin
78%
Golub-Dobrzyń (Dobrzyń nad Drwęcą)
67%
Skępe
67%
Kikół
56%
Bobrowniki
33%
Górzno
33%
Nie znaleziono quizów pasujących do podanych kryteriów
Rozkład punktacji
Procent ludzi z każdym wynikiem
Percentyl według liczby udzielonych odpowiedzi
Twoja historia wyników
Nie rozwiązałeś tego quizu